| 000 | 00833cab a2200253 4500 | ||
|---|---|---|---|
| 001 | WB3212-28 | ||
| 008 | 090401t1996 xxu||||| |||| 00| 0 eng d | ||
| 035 | _a(Sirsi) u56666 | ||
| 041 | _aeng | ||
| 245 | _aPrime residential property performs well | ||
| 260 | _c1996 | ||
| 350 | _a0 | ||
| 490 |
_aProperty Week _v54(12) 21 March 1996, 16(1) |
||
| 520 | _aAccording to Savills, prime central London residential property performed twice as well as central London offices in 1995. | ||
| 650 | _aINVESTMENT MARKET | ||
| 650 | _aLONDON | ||
| 650 | _aPRIME RESIDENTIAL PROPERTY | ||
| 650 |
_aRESIDENTIAL PROPERTY _96266 |
||
| 650 | _aRETURNS | ||
| 690 | _aPROPERTY-COMMERCIAL PROPERTY-COMMERCIAL PROPERTY MARKET | ||
| 690 | _aPROPERTY-RESIDENTIAL PROPERTY-RESIDENTIAL PROPERTY MARKET | ||
| 942 | _n0 | ||
| 948 | _c04/03/1997 | ||
| 999 |
_c34582 _d34582 |
||